| 000 | 01031nam a22002777a 4500 | ||
|---|---|---|---|
| 003 | CHAP | ||
| 005 | 20220329134850.0 | ||
| 008 | 971013s r 00010 d | ||
| 010 | _a27131 | ||
| 011 | _a28103 | ||
| 035 | _a32205 | ||
| 040 | _cCHAP | ||
| 090 | _aR-2034 | ||
| 100 | 0 | 0 |
_aLaird, Reggie J. _964497 |
| 245 | _aResumen general de los experimentos de fertilización llevados a cabo en forma cooperativa por el PCCMCA durante el período 1960-1963. | ||
| 500 | _aSobretiro de: Informe de la Décima Reunión del Programa Cooperativo Centroamericano para el Mejoramiento de Cultivos Alimenticios (1964):30-37 | ||
| 590 |
_aBATCH-UPD _b10 _c20130110 _lUCH01 _h1707 |
||
| 590 |
_aBATCH-UPD _b10 _c20130410 _lUCH01 _h1054 |
||
| 590 |
_aBATCH-UPD _b10 _c20130914 _lUCH01 _h1401 |
||
| 590 |
_aCONVERSION _b10 _c20130109 _lUCH01 _h1316 |
||
| 650 | 1 | 4 |
_aFertilizantes _xEfecto en maíz. _940527 |
| 650 | 1 | 4 |
_aNitrógeno _xEfecto en maíz. _981447 |
| 901 | _aBK | ||
| 942 | _cREIMP | ||
| 949 |
_aR-2034 _bBC _cR _d-74486 _eTS1 _i32205 _si |
||
| 999 |
_c27131 _d27131 |
||